| 000 | 00412nam a2200145 a 4500 | ||
|---|---|---|---|
| 001 | 346 | ||
| 003 | CDMR | ||
| 005 | 20151102140002.0 | ||
| 008 | 130130s ||||||||||||||||||||||||||||d | ||
| 040 |
_aCDMR _bcat _cCDMR |
||
| 110 | 2 |
_9236 _aCol·lectiu Arròs Blanc i Negre |
|
| 245 | 1 | 0 |
_aBarceloneta _cCol.lectiu Arròs blanc i negre _b: Xiringuitos |
| 260 |
_aBarcelona _bCol.lectiu Arròs blanc i negre |
||
| 942 |
_cMON _2udc |
||
| 999 |
_c346 _d346 |
||